|
|
|
|
| LEADER |
01150nam a2200241 a 4500 |
| 001 |
GR-Antirio587 |
| 008 |
090220s19611989nyu 000 0 gre d |
| 020 |
|
|
|a 0486659429
|
| 040 |
|
|
|a GrPaTEI
|b gre
|c GR-PaULI
|
| 040 |
|
|
|a GrPaTEI
|b gre
|c GR-PaULI
|
| 040 |
|
|
|a GrPaTEI
|b gre
|c GR-PaULI
|
| 082 |
|
0 |
|a 515.35
|2 21
|
| 100 |
0 |
|
|a Coddington, Earl A.
|
| 245 |
1 |
0 |
|a An introduction to ordinary differential equations /
|c Coddington, Earl A.
|
| 260 |
|
|
|a New York :
|b Dover Publications,
|c 1989 , c 1961
|
| 300 |
|
|
|a xi. , 292 σ. :
|b εικ. ;
|c 22 εκ.
|
| 500 |
|
|
|a Περιλαμβάνει ευρετήριο.
|
| 650 |
|
0 |
|a Differential equations
|
| 942 |
|
|
|2 ddc
|
| 952 |
|
|
|0 0
|1 0
|2 ddc
|4 0
|6 515_350000000000000_COD
|7 0
|9 261781
|a LISK-2
|b LISK-2
|c BSC
|d 2021-01-17
|e 24
|f 0
|g 0.00
|l 0
|o 515.35 COD
|p 2430000006702
|r 2021-01-17 00:00:00
|t 1
|w 2021-01-17
|y BK15
|x 20090220 0 1
|x GrPaTEI - Antirrio
|
| 952 |
|
|
|0 0
|1 0
|2 ddc
|4 0
|6 515_350000000000000_COD
|7 0
|9 261782
|a LISK-2
|b LISK-2
|c BSC
|d 2021-01-17
|e 24
|f 0
|g 0.00
|l 0
|o 515.35 COD
|p 2430000006703
|r 2021-01-17 00:00:00
|t 1
|w 2021-01-17
|y BK15
|x 20090220 0 1
|x GrPaTEI - Antirrio
|
| 971 |
|
|
|a .b25703869
|b 01-10-20
|c 12-09-16
|
| 999 |
|
|
|c 151046
|d 151046
|